000 00843cab a2200289 4500
001 WB3405-21
008 090401t1998 xxu||||| |||| 00| 0 eng d
035 _a(Sirsi) u83539
041 _aeng
245 _aQuicker deals and no gazumping
260 _c1998
350 _a0
490 _aDaily Telegraph
_v31 January 1998, 33(1)
520 _aAnalyses the ways the house buying process may be modernised.
650 _aCONDITIONAL CONTRACTS
650 _aCONVEYANCING
650 _aDELAYS
650 _aDEPOSITS
650 _aESTATE AGENTS
650 _aGAZUMPING
650 _aPROPERTY-RESIDENTIAL PROPERTY-ACQUISITION AND DISPOSAL OF RESIDENTIAL PROPERTY
650 _aHOUSEBUYERS REPORTS
650 _aTIME
690 _aPROPERTY-RESIDENTIAL PROPERTY-RESIDENTIAL PROPERTY MARKET
942 _n0
948 _c04/02/1998
999 _c52769
_d52769